The Approval of Codes of Management Practice (Residential Property) (Wales) Order 2006 (Record no. 105305)
[ view plain ]
| 000 -LEADER | |
|---|---|
| fixed length control field | 01501cam a2200217 4500 |
| 001 - CONTROL NUMBER | |
| control field | ##L133002 |
| 008 - FIXED-LENGTH DATA ELEMENTS--GENERAL INFORMATION | |
| fixed length control field | 060403n2006 000 0 eng u |
| 020 ## - INTERNATIONAL STANDARD BOOK NUMBER | |
| International Standard Book Number | 0110912616 |
| 035 ## - SYSTEM CONTROL NUMBER | |
| System control number | (Sirsi) u133002 |
| 041 0# - LANGUAGE CODE | |
| Language code of text/sound track or separate title | eng |
| 245 04 - TITLE STATEMENT | |
| Title | The Approval of Codes of Management Practice (Residential Property) (Wales) Order 2006 |
| 260 ## - PUBLICATION, DISTRIBUTION, ETC. | |
| Place of publication, distribution, etc. | London |
| Name of publisher, distributor, etc. | TSO |
| Date of publication, distribution, etc. | 2006 |
| 490 #0 - SERIES STATEMENT | |
| Series statement | Welsh Statutory Instrument |
| Volume/sequential designation | SI 2006: 178 (W.29) |
| 520 ## - SUMMARY, ETC. | |
| Summary, etc. | Approves a code of practice relating to the management of residential property by landlords and others who discharge the management function. The approved code is the "Rent only residential management code" (ISBN 1842190709) published by the Royal Institution of Chartered Surveyors. Withdraws the approval given in the Approval of Codes of Management Practice (Residential Property) Order 1996 (SI 1996: 2839) for a code called the "Rent only residential management code (ISBN 085406642X). The approval and withdrawal provided for in this Order apply to the management of residential properties in Wales. |
| 650 24 - SUBJECT ADDED ENTRY--TOPICAL TERM | |
| Topical term or geographic name entry element | RICS RENT ONLY RESIDENTIAL MANAGEMENT CODE |
| 650 24 - SUBJECT ADDED ENTRY--TOPICAL TERM | |
| Topical term or geographic name entry element | LEASEHOLD REFORM, HOUSING AND URBAN DEVELOPMENT ACT 1993 S87(7) |
| 650 24 - SUBJECT ADDED ENTRY--TOPICAL TERM | |
| Topical term or geographic name entry element | APPROVAL OF CODES OF MANAGEMENT PRACTICE (RESIDENTIAL PROPERTY) (WALES) ORDER 2006 |
| 690 ## - LOCAL SUBJECT ADDED ENTRY--TOPICAL TERM (OCLC, RLIN) | |
| Topical term or geographic name as entry element | PROPERTY-RESIDENTIAL PROPERTY-RESIDENTIAL PROPERTY MANAGEMENT |
| 856 40 - ELECTRONIC LOCATION AND ACCESS | |
| Uniform Resource Identifier | <a href="https://www.opsi.gov.uk/legislation/wales/wsi2006/20060178e.htm">https://www.opsi.gov.uk/legislation/wales/wsi2006/20060178e.htm</a> |
| Public note | View the Order free of charge at www.opsi.gov.uk... |
| 942 ## - ADDED ENTRY ELEMENTS (KOHA) | |
| Suppress in OPAC | 0 |
| Withdrawn status | Lost status | Source of classification or shelving scheme | Damaged status | Not for loan | Home library | Current library | Shelving location | Date acquired | Total Checkouts | Full call number | Barcode | Date last seen | Copy number | Price effective from | Koha item type |
|---|---|---|---|---|---|---|---|---|---|---|---|---|---|---|---|
| Dewey Decimal Classification | Virtual | Virtual | Online | 03/04/2006 | ONLINE PUBLICATION | 133002-2001 | 06/08/2019 | 1 | 06/08/2019 | Book |